History Bits and Pieces - Statistics

General Stats
  • This quiz has been taken 21 times
  • The average score is 7 of 15
Answer Stats
Hint Answer % Correct
What PROTESTANT REFORMER wrote against the Catholic Church in his famous 95 Theses? Martin Luther
84%
Who was the great conqueror who captured all land from Greece to that River in the 4th Century BCE? Alexander the Great
79%
What later Civil Rights activist was named after that reformer who, for a time, rivaled Malcolm X in his ideas? Martin Luther King Jr.
74%
What great artist and former ninja turtle is the sculptor of David Michelangelo
74%
What was this major event of WW2 that involved the mass evacuation of French soldiers off of their own coast? Dunkirk
68%
What WW2 veteran wrote such novels as The Catcher in the Rye and also married a 19 year old when he was 53? J. D. Sallinger
58%
What infamous philosopher tutored that great ruler and general and also wrote Nicomachean Ethics? Aristotle
53%
What is the Northern name of the subjectively most impressive side of Mount Everest that is also the name of a popular clothing brand? The North Face
42%
What rock slinging device is depicted in many different media attempts to recreate scenes from the Middle Ages? Catapult
32%
What English Monarch was known as the "Virgin Queen" and who's predecessors were Mary I and Philip? Queen Elizabeth the first
32%
What river is known as the true start of 'modern' humanity? Indus River
26%
What ancient library was said to have had more writings than any other library by today's standards, but was burned down by Julius Caesar? Library of Alexandria
26%
What major catastrophic event in the 12th Century BCE led to the destruction of almost every major power at the time, supposedly by "the Sea Peoples"? Bronze Age Collapse
11%
What is the Greek name of the part of a theater that would hoist a God down onto the stage as to help any wrongs that'd happened in the story? Deus Ex Machina
11%
What is the name of the Roman emperor that held the title at the largest point that the Empire ever reached? Trajan
11%
No matching quizzes found
Score Distribution
Percent of People with Each Score
Percentile by Number Answered
Your Score History
You have not taken this quiz